000 02538cam a22005894i 4500
003 PE-LiUPU
005 20250731175625.0
008 021121s2003 gaub rb 001 0 eng
020 _a1589830369
020 _a9781589830363
035 _a(Sirsi) i9781589830363
035 _a(OCoLC)51088025
040 _aDLC
_beng
_cDLC
_dBAKER
_dNLGGC
_dCVN
_dYDXCP
_dOCLCQ
_dBTCTA
_dLVB
_dUBY
_dTUU
_dIG#
_dOCLCQ
_dOCLCO
_dOCLCF
_dOCLCO
_dPE-LiUPU
_erda
041 1 _aeng
_harc
_hheb
049 _aPRUA
050 0 0 _aPJ5208.A2
_bL55 2003b
082 0 4 _a492.29
_bL65
_221
100 1 _aLindenberger, James M.,
_eautor.
245 1 0 _aAncient Aramaic and Hebrew letters /
_cby James M. Lindenberger ; edited by Kent H. Richards.
250 _aSecond edition.
264 1 _aAtlanta, Ga. :
_bSociety of Biblical Literature,
_c2003.
300 _axix, 188 páginas ;
_c23 centímetros.
336 _atext
_2rdacontent
337 _aunmediated
_2rdamedia
338 _avolume
_2rdacarrier
490 1 _aWritings from the ancient world ;
_vNumber 14
504 _aBibliografía : páginas 157-170.
504 _aÍndice : páginas 175-188.
505 0 _aTranslations -- Aramaic diplomatic-military correspondence -- Business and family letters -- Ostraca from Elephantine -- Archives of the Jewish community at Elephantine -- Letters from Persian officials -- Two Hebrew petitions and a royal order -- Judean military-administrative letters from Arad and Lachish -- Fragmentary and miscellaneous.
526 _aP145
526 _aP127
526 _aP97
526 _aP35
526 _aP14
526 _aP07
650 0 _aLetras arameas
_vTraducciones al inglés.
650 4 _aLetras arameas.
650 0 _aLetras hebreas
_vTraducciones al inglés.
650 0 _aLetras hebreas.
650 0 _aAramaic letters
_vTranslations into English.
650 4 _aAramaic letters.
650 0 _aHebrew letters
_vTranslations into English.
650 4 _aHebrew letters.
700 1 _aRichards, Kent Harold,
_d1939-,
_eeditor.
910 _adbm
_bncf
_cncf
_d20180108
942 _2ddc
_cBOOK
949 _a492.29 L65
_wDEWEY
_c1
_i77825
_lCATALOGING
_mBUL
_p19.00
_r0
_sY
_tBOOK
_u2018-01-08
_xPOSGRADO
_PP85
_0COMPRA
_o.STAFF. Colección Teología.
994 _aC0
_bPEPRU
596 _a1
999 _a492.29 L65
_wDEWEY
_c26600
_i77825
_f2021-11-11
_g4
_lCCODEBUL1
_mBUL
_p19.00
_r0
_sY
_tBOOK
_u2018-1-8
_xTEOLOGIA
_PP85
_0COMPRA
_o.STAFF. Colección Teología
_d26600
980 _81
_gALBERTO SANCHEZ Responsable de Automatización